|
|
|
|
| LEADER |
01585nam a2200301 a 4500 |
| 001 |
AAL 1735 |
| 003 |
BD-DhAAL |
| 005 |
20160209170619.0 |
| 008 |
150203s1995 caua b 101 0 eng |
| 010 |
|
|
|a 95009273
|
| 020 |
|
|
|a 1558153411
|
| 040 |
|
|
|a DLC
|c DLC
|d DLC
|d BD-DhAAL
|
| 050 |
0 |
0 |
|a HG4027.7
|b .N495 1995
|
| 082 |
0 |
0 |
|a 332.6/712
|2 20
|
| 245 |
0 |
0 |
|a New perspectives on financing small business in developing countries /
|c edited by Ernst A. Brugger, Sarath Rajapatirana ; coordinated by Hanna Davidshofer.
|
| 260 |
|
|
|a San Francisco, Calif. :
|b ICS Press,
|c c1995.
|
| 300 |
|
|
|a viii, 194 p. :
|b ill. ;
|c 23 cm.
|
| 500 |
|
|
|a Papers presented at a workshop sponsored by the Latin American Technical Dept. of the World Bank and the Fundación para el Desarrollo Sostenible (FUNDES), held in Washington, D.C. in Oct. 1992.
|
| 500 |
|
|
|a "A copublication of the International Center for Economic Growth and FUNDES, Fundación para el Desarrollo Sostenible."
|
| 504 |
|
|
|a Includes bibliographical references and index.
|
| 541 |
|
|
|e 1735
|
| 650 |
|
0 |
|a Small business
|z Developing countries
|x Finance.
|9 7824
|
| 700 |
1 |
|
|a Brugger, Ernst A.
|9 7825
|
| 700 |
1 |
|
|a Rajapatirana, Sarath.
|9 7826
|
| 942 |
|
|
|2 ddc
|c BK
|
| 999 |
|
|
|c 33556
|d 33556
|
| 952 |
|
|
|0 0
|1 0
|2 ddc
|4 0
|6 332_671200000000000_NEW
|7 0
|9 52420
|a SCL
|b SCL
|c GEN
|d 2015-02-03
|e Gift: The Asia Foundation
|l 0
|o 332.6712 NEW
|p 3020001735
|r 2015-02-03
|t 1
|w 2015-02-03
|y BK
|
| 952 |
|
|
|0 0
|1 0
|2 ddc
|4 0
|6 332_671200000000000_NEW
|7 0
|9 52540
|a SCL
|b SCL
|c GEN
|d 2015-02-10
|e Gift: The Asia Foundation
|l 0
|o 332.6712 NEW
|p 3020001744
|r 2015-02-10
|t 2
|w 2015-02-10
|y BK
|